Personnel administration and management (Record no. 5828)

MARC details
000 -LEADER
fixed length control field 00542cam a2200193ua 4500
008 - FIXED-LENGTH DATA ELEMENTS--GENERAL INFORMATION
fixed length control field 140308n ii |||gr||||Z||||||eng
020 ## - INTERNATIONAL STANDARD BOOK NUMBER
International Standard Book Number 81-207-1518-7
040 ## - CATALOGING SOURCE
Transcribing agency MAIN
082 ## - DEWEY DECIMAL CLASSIFICATION NUMBER
Classification number 658.3
245 ## - TITLE STATEMENT
Title Personnel administration and management
Statement of responsibility, etc. By S.L. Goel
250 ## - EDITION STATEMENT
Edition statement 3ed rev & enl ed.
260 ## - PUBLICATION, DISTRIBUTION, ETC.
Place of publication, distribution, etc. New delhi:
Name of publisher, distributor, etc. Sterling publishers private limited,
Date of publication, distribution, etc. 1995.
300 ## - PHYSICAL DESCRIPTION
Extent xii,461p.
700 ## - ADDED ENTRY--PERSONAL NAME
Personal name Goel,S.L.,
Relator term
942 ## - ADDED ENTRY ELEMENTS (KOHA)
Koha item type Books
653 ## - INDEX TERM--UNCONTROLLED
Uncontrolled term General management
653 ## - INDEX TERM--UNCONTROLLED
Uncontrolled term Personnel administration and management
Holdings
Withdrawn status Lost status Damaged status Not for loan Home library Current library Shelving location Date acquired Total Checkouts Full call number Barcode Date last seen Copy number Price effective from Koha item type
        Central Library, Naharkatiya College Central Library, Naharkatiya College General Stacks 19/09/2020   658.3 | GOE 13362 19/09/2020 1 19/09/2020 Books

Naharkatiya College © 2020. All rights reserved.

Powered By